Capitali che terminano con la U - Statistics

Statistiche generali
  • Questo quiz è stato fatto 81 volte
    17 dall'ultimo reset
  • Il punteggio medio è 4 su 9
Statistiche sulle risposte
Popolazione (ab.) Continente Stato % Corretto
732 500 Europa Chișinău
85%
2 181 200 Asia Baku
54%
1 744 240 Asia Katmandu
54%
14 725 America del Nord Roseau
38%
114 551 Asia Thimphu
38%
246 329 America del Nord Nassau
31%
2 200 000 Africa Ouagadougou
31%
330 760 Africa Maseru
23%
384 960 Africa Bissau
15%
Nessun quiz corrispondente trovato
Distribuzione punteggi
Percentuale di utenti per punteggio
Percentile per numero di risposta
I tuoi punteggi nel tempo
Non hai fatto questo quiz dall'ultimo reset